Sociológia kontrakultúry

Bibliographic Details
Main Authors: Mentelová, Sonja (Author), Davykov, Ju.N (Author), Rodňanska, I.B (Author)
Format: Article
Language:Slovak
Subjects:

MARC

LEADER 00000nab a2200000 a 4500
001 vtls000143699
003 SK-MaSNL
005 20260304062934.0
008 250422c1982 xo 0 slo
015 |a SNBRB19rr/mm-uuuuu 
035 |a CL0153806 
035 |a urn:nbn:sk:snk-ab282l 
035 |a (urnnbn)urn:nbn:sk:snk:ar-a01x0a 
035 |a (uuid)9e229662-71dd-4558-ae25-ca8d00ea3d60 
040 |a SNKBUCL  |b slo  |c SNKBUCL  |e AACR2 
041 0 |a slo 
044 |a xo  |c SK 
080 |a 301.15:008  |2 1981 
080 |a 008  |2 1981 
100 1 |a Mentelová, Sonja  |4 aut  |9 1006533 
245 1 0 |a Sociológia kontrakultúry  |c Sonja Mentelová ; Ju.N. Davydov, I.B. Rodňanska 
650 0 7 |a kontrakultúra  |2 snkbucl  |9 895 
655 7 |a články z novín a časopisov  |2 snkbucl  |9 267496 
700 1 |a Davykov, Ju.N.  |4 aut  |9 1348859 
700 1 |a Rodňanska, I.B.  |4 aut  |9 1348860 
773 0 |t Sociológia  |g Roč. 14, č. 4 (1982), s. 481-483 
787 0 8 |i Rec.:  |a Davykov, Ju.N.  |t Sociologija kontrakuľtury - Kritičeskij analiz  |d Moskva, 1980 
850 |a Slovenská národná knižnica 
852 |a Slovenská národná knižnica 
954 |a odborná, vedecká literatúra pôvodná (slovenská)  |2 lita 
958 |a article27 
958 |a RK 
958 |a SU 
958 |a OND 
958 |a EUIPO 
992 |a RBX 
999 |c 2740331  |d 2742261